Estructura internacional de la información (Record no. 15335)

MARC details
000 -LEADER
campo de control de longitud fija 00850nam a2200241 i 4500
001 - NÚMERO DE CONTROL
campo de control 15335
003 - IDENTIFICADOR DE NÚMERO DE CONTROL
campo de control ES-MaACL
005 - FECHA Y HORA DE LA ÚLTIMA TRANSACCIÓN
campo de control 20230906151039.0
007 - CAMPO FIJO DE DESCRIPCIÓN FÍSICA--INFORMACIÓN GENERAL
campo de control de longitud fija t|
008 - DATOS DE LONGITUD FIJA--INFORMACIÓN GENERAL
campo de control de longitud fija 000215s1998 sp ||||0| spa j
020 ## - NÚMERO INTERNACIONAL ESTÁNDAR DEL LIBRO
Número Internacional Estándar del Libro 84-7738-606-4
040 ## - FUENTE DE CATALOGACIÓN
Centro catalogador/agencia de origen M-BN
Lengua de catalogación spa
Centro/agencia transcriptor M-BN
080 ## - NÚMERO DE LA CLASIFICACIÓN DECIMAL UNIVERSAL
Número de la Clasificación Decimal Universal 316.77:32
100 1# - ENTRADA PRINCIPAL--NOMBRE DE PERSONA
Nombre de persona Quirós Fernández, Fernando.
9 (RLIN) 94794
245 10 - MENCIÓN DEL TÍTULO
Título Estructura internacional de la información
Resto del título : el poder mediático en la era de la globalización /
Mención de responsabilidad, etc. Fernando Quirós Fernández.
260 ## - PUBLICACIÓN, DISTRIBUCIÓN, ETC.
Lugar de publicación, distribución, etc. Madrid :
Nombre del editor, distribuidor, etc. Síntesis,
Fecha de publicación, distribución, etc. [1998]
300 ## - DESCRIPCIÓN FÍSICA
Extensión 300 p. ;
Dimensiones 23 cm.
490 1# - MENCIÓN DE SERIE
Mención de serie Ciencias de la información. Periodismo ;
Designación de volumen o secuencia 27
650 14 - PUNTO DE ACCESO ADICIONAL DE MATERIA--TÉRMINO DE MATERIA
Término de materia o nombre geográfico como elemento de entrada Medios de comunicación social-
Subdivisión general Aspectos políticos.
9 (RLIN) 14964
830 0# - PUNTO DE ACCESO ADICIONAL DE SERIE-TÍTULO UNIFORME
Título uniforme Ciencias de la información. Periodismo ;
Designación de volumen o secuencia 27
9 (RLIN) 228564
852 ## - LOCALIZACIÓN
Ubicación ES-MaACL
Número de control de estantería L-22628
Sublocalización o colección R.127815
Holdings
Estatus retirado Estado de pérdida Estado de daño No para préstamo Biblioteca de origen Biblioteca actual Ubicación en estantería Fecha de adquisición Fuente de adquisición Total de préstamos Signatura topográfica completa Código de barras Visto por última vez Precio de reemplazo Tipo de ítem Koha
        Biblioteca del Ateneo de Madrid Biblioteca del Ateneo de Madrid Depósito 2 17/01/2008     L-22628 1015592 23/02/2023 23/02/2023 Libro impreso